000 00984nam0a22002771 4500
001 rc\3547013
005 20250610034847.0
021 _aRU
_b[73-5651]
035 _a(NLR Aleph) 007673381
090 _a6458987
_c6458987
100 _a20130115d1973 |||y0rusy50 ca
101 0 _arus
102 _aRU
105 _aa z |||||
200 1 _aОценка материнских деревьев
_fБрян. технол. ин-т
210 _aБрянск
_cПриок. кн. изд-во. Брян. отд-ние
_d1973
215 _a103 с.
_cил.
_d21
300 _aПеред загл. авт.: П.В. Воропанов, проф., д-р с.-х. наук
320 _aСписок лит.: с. 100-102 (50 назв.)
606 _aЛесные культуры
_xСелекция
_2psbo
700 1 _aВоропанов
_bП.В.
_gПетр Васильевич
801 0 _aRU
_bNLR
_gpsbo
801 1 _aRU
_bELAR
_2rusmarc
852 _aNLR
_j72-3/12147
942 _cBOOK
980 _aNB